| 000 | 01194cam a2200289 a 4500 | ||
|---|---|---|---|
| 001 | 2933906 | ||
| 003 | ARRUPE | ||
| 005 | 20131015115703.0 | ||
| 008 | 890725s1988 sw b 000 0 eng | ||
| 010 | _a 89166717 | ||
| 040 |
_aDLC _cDLC _dDLC |
||
| 043 |
_af-mz--- _af-rh--- |
||
| 050 | 0 | 0 |
_aSPC GN643 _b.W67 1985 |
| 100 | 1 |
_aSinclair, Paul J. J. _92539 |
|
| 245 | 1 | 0 |
_aEthno-archaeological surveys of the Save River valley, South Central Mozambique / _cby Paul J.J. Sinclair. |
| 260 |
_aUppsala, Sweden : _bAfrican Studies Programme, Dept. of Cultural Anthropology, University of Uppsala, _c[1988] |
||
| 300 |
_a27 p. ; _c21 cm. |
||
| 490 | 1 |
_aWorking papers in African studies, _x0281-6814 ; _vno. 11, (1985) |
|
| 504 | _aIncludes bibliographical references (p. 26-27). | ||
| 650 | 0 |
_aIron age _zSave River Valley (Zimbabwe and Mozambique) _92540 |
|
| 651 | 0 |
_aSave River Valley (Zimbabwe and Mozambique) _xAntiquities. _92541 |
|
| 651 | 0 |
_aMozambique _xAntiquities. _92542 |
|
| 830 | 0 |
_aWorking papers in African studies (Uppsala, Sweden) ; _vno. 11. _92543 |
|
| 906 |
_a7 _bcbc _corignew _d3 _encip _f19 _gy-gencatlg |
||
| 942 |
_2lcc _cMONOGRAPH |
||
| 999 |
_c118351 _d118351 |
||